000
00298nam a22001337a 4500
008
181217b xxu||||| |||| 00| 0 eng d
020
_a
9780136790655
041
_a
eng
080
_a
038
100
_a
23
101
_a
FJA
245
_a
Word and Expression Locater
_c
Sisson, A.F
942
_2
udc
_c
BK
999
_c
53274
_d
53274